| 000 | 00388pab a2200145 454500 | ||
|---|---|---|---|
| 008 | 180718b2005 xxu||||| |||| 00| 0 eng d | ||
| 100 | _aDas, S.C. | ||
| 245 | _aJ.J. Irani committee report on company law related to corporate governance | ||
| 260 | _c2005 | ||
| 300 | _ap.719-32. | ||
| 362 | _aSep | ||
| 650 | _aCorporate governance | ||
| 773 | _aManagement Accountant | ||
| 909 | _a66988 | ||
| 999 |
_c66988 _d66988 |
||